[Event "Bern Ambassador op"]
[Site "Bern"]
[Date "1999.12.29"]
[Round "5"]
[White "Ciric, Dragan"]
[Black "Ernst, Heinz"]
[Result "1-0"]
[WhiteElo "2205"]
[BlackElo "2167"]
[PlyCount "37"]
[EventDate "1998.12.??"]
[EventType "swiss"]
[EventRounds "7"]
[EventCountry "SUI"]
[SourceTitle "EXT 2001"]
[Source "ChessBase"]
[SourceDate "2000.11.22"]
[SourceVersion "1"]
[SourceVersionDate "2000.11.22"]
[SourceQuality "1"]

1. e4 c6 2. d4 d5 3. Nd2 dxe4 4. Nxe4 Nd7 5. Nf3 Ngf6 6. Ng3 e6 7. Bd3 Be7 8. 0-0 0-0 9. b3 c5 10. Bb2 h6 11. c4 b6 12. Qe2 Re8 13. Rad1 Bb7 14. dxc5 Bxc5 15. Ne5 Qc7 16. Nxd7 Nxd7 17. Nh5 Bf8 18. Qg4 g5 19. Bh7+ 1-0